|
|
|
|
| LEADER |
00805nam a22002412a 4500 |
| 001 |
001104167 |
| 003 |
CZ BrMZK |
| 005 |
20100811132821.0 |
| 007 |
ta |
| 008 |
100630s1924 gw er|||||||||||ger d |
| 040 |
|
|
|a BOA001
|b cze
|
| 041 |
1 |
|
|a ger
|h eng
|
| 100 |
1 |
|
|a Burroughs, Edgar Rice,
|d 1875-1950
|7 jn19990001239
|4 aut
|
| 245 |
1 |
0 |
|a Tarzan bei den Affen :
|b erlebnisse eines von Menschenaffen Geraubten /
|c Edgar Rice Burroughs ; Die Übers. aus dem Engl. besorgte Tony Kellen
|
| 250 |
|
|
|a 97. Aufl.
|
| 260 |
|
|
|a Stuttgart :
|b Dieck & Co,
|c [1924]
|
| 300 |
|
|
|a 271 s.
|
| 700 |
1 |
|
|a Kellen, Tony,
|d 1869-1948
|7 xx0110751
|4 trl
|
| 910 |
|
|
|a BOA001
|b 1-0257.794
|
| 990 |
|
|
|a BK
|
| 993 |
|
|
|a Y
|
| 991 |
|
|
|b 201006
|
| 996 |
7 |
|
|b 2619719591
|c 1-0257.794
|l MZK
|r Sklad / do 1 hodiny
|n 0
|w 001131006
|u 000010
|a 1
|e BOA001
|j MZK50
|s A
|